Calidad de Vida : (Registro nro. 5033)
[ vista simple ]
| 000 -LEADER | |
|---|---|
| fixed length control field | 01134nam a2200217Ia 4500 |
| 003 - CONTROL NUMBER IDENTIFIER | |
| control field | OSt |
| 005 - DATE AND TIME OF LATEST TRANSACTION | |
| control field | 20200505112208.0 |
| 008 - FIXED-LENGTH DATA ELEMENTS--GENERAL INFORMATION | |
| fixed length control field | 191128s2008 waua gr 000 0 spa d |
| 020 ## - INTERNATIONAL STANDARD BOOK NUMBER | |
| International Standard Book Number | 9781597820837 |
| 040 ## - CATALOGING SOURCE | |
| Original cataloging agency | CO-JMCR |
| Transcribing agency | CO-JMCR |
| 041 0# - LANGUAGE CODE | |
| Language code of text/sound track or separate title | spa |
| 082 04 - DEWEY DECIMAL CLASSIFICATION NUMBER | |
| Classification number | 306 / |
| Item number | L882c |
| 100 1# - MAIN ENTRY--PERSONAL NAME | |
| Personal name | Lora, Eduardo, |
| Relator term | Coordinador |
| 9 (RLIN) | 2270 |
| 245 10 - TITLE STATEMENT | |
| Title | Calidad de Vida : |
| Remainder of title | Mas allá de los hechos desarrollo en las Américas / |
| Statement of responsibility, etc. | Eduardo Lora, Coordinador |
| 260 ## - PUBLICATION, DISTRIBUTION, ETC. | |
| Place of publication, distribution, etc. | Washington : |
| Name of publisher, distributor, etc. | Banco Interamericano de Desarrollo, |
| Date of publication, distribution, etc. | 2008 |
| 300 ## - PHYSICAL DESCRIPTION | |
| Extent | ix, 290 páginas : |
| Other physical details | ilustraciones en blanco y negro ; |
| Dimensions | 23 cm. |
| 505 ## - FORMATTED CONTENTS NOTE | |
| Formatted contents note | Calidad de vida desde otro ángulo -- La personalidad de las percepciones sobre la calidad de vida -- La conflictiva relación entre el ingreso y la satisfación -- La satisfacción más allá del ingreso |
| 520 ## - SUMMARY, ETC. | |
| Summary, etc. | Cada vez más, las ciencias económicas están están reconociendo que el bienestar y el comportamiento de la gente depende no sólo de las condiciones de vida objetivas sino también en gran medida de las percepciones subjetivas de los individuos. |
| 650 14 - SUBJECT ADDED ENTRY--TOPICAL TERM | |
| Source of heading or term | Ciencias económicas |
| 942 ## - ADDED ENTRY ELEMENTS (KOHA) | |
| Source of classification or shelving scheme | Dewey Decimal Classification |
| Koha item type | Books |
| Withdrawn status | Lost status | Source of classification or shelving scheme | Materials specified (bound volume or other part) | Damaged status | Not for loan | Home library | Current library | Date acquired | Source of acquisition | Cost, normal purchase price | Total Checkouts | Full call number | Barcode | Date last seen | Copy number | Price effective from | Koha item type |
|---|---|---|---|---|---|---|---|---|---|---|---|---|---|---|---|---|---|
| Dewey Decimal Classification | Donación--15/04/2018-- | Biblioteca Pública José María del Castillo y Rada | Biblioteca Pública José María del Castillo y Rada | 11/28/2019 | Donación | 0.00 | 306 / L882c | 430001175 | 05/16/2024 | Ej.1 | 11/28/2019 | Books |